Actors That Have Worked with Brad Pitt - Statistics

General Stats
  • This quiz has been taken 177 times
  • The average score is 15 of 70
Answer Stats
Movies Actor % Correct
Burn After Reading, Ocean's Trilogy George Clooney
87%
By the Sea, Mr. and Mrs. Smith Angelina Jolie
86%
Once Upon a Time in Hollywood Leonardo DiCaprio
78%
Happy Feet Two, Ocean's Trilogy Matt Damon
69%
Fight Club Edward Norton
66%
Ocean's 11 and 12, The Mexican Julia Roberts
63%
Seven Morgan Freeman
60%
Interview With the Vampire Tom Cruise
60%
Legends of the Fall, Meet Joe Black Anthony Hopkins
56%
Inglorious Basterds Christoph Waltz
55%
Babel, The Curious Case of Benjamin Button, Voyage of Time Cate Blanchett
54%
The Counselor Penelope Cruz
47%
Ocean's Thirteen, Once Upon a Time in Hollywood Al Pacino
44%
Seven Gwyneth Paltrow
43%
Once Upon a Time in Hollywood, The Big Short Margot Robbie
43%
Fight Club Helena Bonham Carter
32%
Ocean's Trilogy Casey Affleck
30%
Ocean's Eleven Andy Garcia
28%
Sleepers Robert De Niro
28%
Spy Game Robert Redford
27%
Interview With the Vampire Kirsten Dunst
26%
Inglorious Basterds, The Counselor, Twelve Years a Slave Michael Fassbender
26%
Troy Orlando Bloom
26%
Ocean's Trilogy Don Cheadle
25%
Inglorious Basterds, Troy Diane Kruger
21%
The Devil's Own Harrison Ford
21%
Moneyball Philip Seymour Hoffman
18%
The Big Short Christian Bale
17%
Ad Astra Tommy Lee Jones
16%
True Romance Gary Oldman
15%
Inglorious Basterds, Johnny Suede, True Romance Samuel L. Jackson
15%
Megamind Will Ferrell
15%
12 Years a Slave Benedict Cumberbatch
14%
Sleepers Kevin Bacon
14%
Inglorious Basterds Eli Roth
10%
Burn After Reading John Malkovich
10%
Once Upon a Time in Hollywood Kurt Russell
10%
Moneyball Chris Pratt
9%
Fight Club Jared Leto
9%
Happy Feet Two Robin Williams
9%
The Tree of Life Sean Penn
9%
True Romance Christopher Walken
8%
Fury Jon Bernthal
7%
Cool World Kim Basinger
7%
Inglorious Basterds Mike Myers
7%
Burn After Reading, The Curious Case of Benjamin Button, War Machine Tilda Swinton
7%
Inglorious Basterds Benicio Del Toro
5%
True Romance Chris Penn
5%
The Tree of Life Jessica Chastain
5%
Troy Brian Cox
4%
The Counselor Cameron Diaz
4%
Inglorious Basterds, Thelma and Louise Harvey Keitel
4%
Once Upon a Time in Hollywood, Thelma and Louise Michael Madsen
4%
Troy Sean Bean
4%
Seven Years in Tibet B. D. Wong
3%
War Machine Ben Kingsley
3%
Once Upon a Time in Hollywood Dakota Fanning
3%
Megamind David Cross
3%
Ad Astra Donald Sutherland
3%
Happy Feet Two Elijah Wood
3%
Burn After Reading, Megamind, The Mexican J. K. Simmons
3%
Sleepers Minnie Driver
3%
Fury Scott Eastwood
3%
War Machine Topher Grace
3%
Once Upon a Time in Hollywood Luke Perry
2%
Fury Michael Pena
2%
Happy Feet Two Hugo Weaving
1%
Once Upon a Time in Hollywood James Marsden
0%
A River Runs Through It Joseph Gordon Levitt
0%
Allied Lizzy Caplan
0%
No matching quizzes found
Score Distribution
Percent of People with Each Score
Percentile by Number Answered
Your Score History
You have not taken this quiz